|
|
|
|
| LEADER |
00000cam a22000004a 4500 |
| 001 |
musev2_69154 |
| 003 |
MdBmJHUP |
| 005 |
20230905051139.0 |
| 006 |
m o d |
| 007 |
cr||||||||nn|n |
| 008 |
100809s1993 ncu o 00 0 eng d |
| 010 |
|
|
|z 93016710
|
| 020 |
|
|
|a 9780822381815
|
| 020 |
|
|
|z 9780822313724
|
| 020 |
|
|
|z 9780822313540
|
| 035 |
|
|
|a (OCoLC)1139397794
|
| 040 |
|
|
|a MdBmJHUP
|c MdBmJHUP
|
| 245 |
0 |
4 |
|a The Argumentative Turn in Policy Analysis and Planning /
|c edited by Frank Fischer and John Forester.
|
| 264 |
|
1 |
|a Durham, N.C. :
|b Duke University Press,
|c 1993.
|
| 264 |
|
3 |
|a Baltimore, Md. :
|b Project MUSE,
|c 2020
|
| 264 |
|
4 |
|c ©1993.
|
| 300 |
|
|
|a 1 online resource (352 pages):
|b illustrations
|
| 336 |
|
|
|a text
|b txt
|2 rdacontent
|
| 337 |
|
|
|a computer
|b c
|2 rdamedia
|
| 338 |
|
|
|a online resource
|b cr
|2 rdacarrier
|
| 505 |
0 |
|
|a Policy discourse and the politics of Washington think tanks / Frank Fischer -- Discourse coalitions and the institutionalization of practice : the case of acid rain in Great Britain / Maarten A. Hajer -- Political judgment and the policy cycle : the case of ethnicity policy aruments in the Netherlands / Robert Hoppe -- Counsel and consensus : norms of argument in health policy / Bruce Jennings -- Survey research as rhetorical trope : electric power planning argument in Chicago / J.S. Throgmorton -- Reframing policy discourse / Martin Rein and Donald Schön -- Reading policy narratives : beginnings, middles, and ends / Thomas J. Kaplan -- Learning from practice stories : the priority of practical judgment / John Forester -- Policy analysis and planning : from science to argument / John S. Dryzek -- Planning through debate : the communicative turn in planning theory / Patsy Healey -- Policy reforms as arguments / William N. Dunn -- Guidelines for policy discourse : consensual versus adversarial / Duncan MacRae, Jr.
|
| 520 |
|
|
|a A work from leading planners and policy analysts, representing practical, theoretical and political advances in the field of planning, public administration and public policy.
|
| 546 |
|
|
|a English.
|
| 588 |
|
|
|a Description based on print version record.
|
| 650 |
1 |
7 |
|a Argumentatie.
|2 gtt
|
| 650 |
1 |
7 |
|a Beleidsplanning.
|2 gtt
|
| 650 |
1 |
7 |
|a Beleidsanalyse.
|2 gtt
|
| 650 |
|
7 |
|a Politikfeldanalyse
|2 gnd
|
| 650 |
|
7 |
|a Aufsatzsammlung
|2 gnd
|
| 650 |
|
7 |
|a Policy sciences.
|2 fast
|0 (OCoLC)fst01068796
|
| 650 |
|
7 |
|a Persuasion (Rhetoric)
|2 fast
|0 (OCoLC)fst01058895
|
| 650 |
|
7 |
|a Debates and debating.
|2 fast
|0 (OCoLC)fst00888743
|
| 650 |
|
7 |
|a POLITICAL SCIENCE / Public Policy / General
|2 bisacsh
|
| 650 |
|
7 |
|a POLITICAL SCIENCE
|x Public Policy
|x General.
|2 bisacsh
|
| 650 |
|
7 |
|a debates.
|2 aat
|
| 650 |
|
6 |
|a Persuasion (Rhetorique)
|
| 650 |
|
6 |
|a Debats et controverses.
|
| 650 |
|
6 |
|a Sciences de la politique.
|
| 650 |
|
0 |
|a Persuasion (Rhetoric)
|
| 650 |
|
0 |
|a Debates and debating.
|
| 650 |
|
0 |
|a Policy sciences.
|
| 655 |
|
7 |
|a Electronic books.
|2 local
|
| 700 |
1 |
|
|a Forester, John,
|d 1948-
|e editor.
|
| 700 |
1 |
|
|a Fischer, Frank,
|d 1942-
|e editor.
|
| 710 |
2 |
|
|a Project Muse.
|e distributor
|
| 830 |
|
0 |
|a Book collections on Project MUSE.
|
| 856 |
4 |
0 |
|z Texto completo
|u https://projectmuse.uam.elogim.com/book/69154/
|
| 945 |
|
|
|a Project MUSE - Custom Collection
|